000 00337nam a22001337a 4500
005 20250901165816.0
008 250328b |||||||| |||| 00| 0 eng d
020 _a9780582461475
050 _aPS 3537 .S74 2010
245 _aThe pearl
_cJohn Steinbeck
260 _aEdinburg:
_bLongman,
_cc2010.
300 _a133 p.:
_c21 cm.
942 _2lcc
999 _c9492
_d9492